Efektívnosť verejného sektoru bakalárska práca

Enregistré dans:
Détails bibliographiques
Auteur principal: Katonaová, Diana
Collectivité auteur: Národohospodárska fakulta EU. Katedra financií
Autres auteurs: Drábeková, Mária
Format: Livre
Langue:slovaque
Publié: Bratislava 2009
Tags: Ajouter un tag
Pas de tags, Soyez le premier à ajouter un tag!

MARC

LEADER 00000nam$a2200000$$$4500
001 0103065
005 20240318141247.1
041 0 |a slo 
044 |a SK 
245 1 0 |a Efektívnosť verejného sektoru  |b bakalárska práca  |c Diana Katonaová ; škol. Mária Drábeková 
264 1 |a Bratislava  |c 2009 
300 |a 46 s. 
100 1 |a Katonaová, Diana 
700 1 |a Drábeková, Mária 
710 2 |a Národohospodárska fakulta EU. Katedra financií